As prt̀icas colaborativas sob a perspectiva da experin̊cia brasileira VOL. II

Bibliographic Details
Main Author: Zuardi, Felc̕ia
Other Authors: Caiuby, Celia, Caetano, Livia
Format: eBook
Language:Portuguese
Published: Rio de Janeiro: Editora Processo, 2022
Subjects:
Online Access:Acceso restringido

MARC

LEADER 00000nam a22000007a 4500
005 2022071902292.0
007 cr|||| ||||
008 220719s2022 br |||||s|||| 00||0 por d
020 |a 978658935188-7 
035 |a 36727 
040 |a vLex 
090 |c 13589  |d 13589 
100 1 |a Zuardi, Felc̕ia 
245 1 2 |a As prt̀icas colaborativas sob a perspectiva da experin̊cia brasileira  |h [Recurso electrn̤ico] /  |c Felc̕ia Zuardi, Celia Caiuby, Livia Caetano  |n VOL. II 
256 |a Servicio en ln̕ea 
260 |a Rio de Janeiro:  |b Editora Processo,  |c 2022 
300 |a 1 recurso electrn̤ico 
500 |a Uma realizaȯ̂ da comissô especial de prt̀icas colaborativas da OAB/RJ - VOL. II. Em meados de 2021, tivemos a honra e a responsabilidade de lanȧr, pela mesma editora Processo, o primeiro volume da obra coletiva Prt̀icas Colaborativas sob a perspectiva da experin̊cia brasileira. Este livro reuniu uma coletńea de artigos de ml︢tiplos autores, com formaė̳s diversas e vise̳s diferentes sobre as Prt̀icas Colaborativas e temas afins. A obra foi coordenada com muito empenho, porque para ns̤, fazia muito sentido falar sobre o mťodo, no contexto brasileiro. O retorno dos leitores seguiu o mesmo caminho. Muitos nos procuram para enfatizar a relevńcia do debate e da produȯ̂ de material de consulta com base na cultura, experin̊cia e realidade brasileira sobre o tema, o que nos gerou entusiasmo e a certeza de que estv̀amos no caminho certo. Assim, percebendo que outros assuntos poderiam ser explorados e desenvolvidos, e, ainda, que existiam profissionais altamente qualificados para escrev-̊los, constatamos que seria um desperdc̕io nô organizar um segundo volume. 
506 1 |a Disponible solo en los productos indicados  |d vLex Global  |d vLex Global (Academic Edition, excluding Law Schools)  |d vLex Global (U.S. Academic Edition, Law Schools)  |d vLex Global (U.S. Academic Edition, excluding Law Schools)  |d vLex Global (Academic Edition, Law Schools) 
650 0 4 |a Familia y Sucesiones  |z Brasil 
700 1 |a Caiuby, Celia 
700 1 |a Caetano, Livia 
740 0 |a vLex Libros (Servicio en ln̕ea) 
856 4 0 |u https://app.vlex.com/#/sources/36727  |z Acceso restringido 
942 |c BOOK 
999 0 |a Family and Inheritance